000
00272nam a2200097Ia 4500
005
20251222114407.0
008
251222s1900||||xx |||||||||||||| ||spa||
082
_a
DVD0092/C83/2008
245
0
_a
Pablo VI, el Papa de la tempestad:Paolo VI, Il Papa nella tempesta
942
_c
DVD
999
_c
1895
_d
1895